Ч. 1; Методы и средства автоматизации профессиональной деятельности

Podrobná bibliografie
Parent link:Методы и средства автоматизации профессиональной деятельности: учебное пособие/ Томский политехнический университет (ТПУ). Ч. 1.— , 2007
Další autoři: Глазырин А. С. Александр Савельевич (редактор), Ляпунов Д. Ю. Данил Юрьевич, Слащев И. В. Игорь Владимирович, Ляпушкин С. В. Сергей Викторович
Shrnutí:В учебном пособии содержится описание программных средств, позволяющих решать технические задачи, распространённые в электротехнике, электромеханике, электроэнергетике. Каждый раздел включает в себя необходимый теоретический материал, примеры решения типовых задач с применением прикладных программных средств и варианты самостоятельных заданий. Предлагаемые практические работы, проводящиеся в специально оборудованных компьютерных классах, позволяют получить навыки, необходимые в дальнейшей профессиональной деятельности. В первую часть пособия включены программы Electronics Workbench, Mathcad, Microsoft Office Excel, Elcut. Предназначено для студентов, обучающихся по направлениям 140600 «Электромеханика, электротехника и электротехнологии» и 140200 «Электроэнергетика».
Jazyk:ruština
Vydáno: 2007
Témata:
Médium: MixedMaterials Kniha
KOHA link:https://koha.lib.tpu.ru/cgi-bin/koha/opac-detail.pl?biblionumber=131412

MARC

LEADER 00000nam2a2200000 4500
001 131412
005 20240403064830.0
035 |a (RuTPU)RU\TPU\book\142333 
090 |a 131412 
100 |a 20080218d2007 m y0rusy50 ca 
101 0 |a rus 
102 |a RU 
105 |a a j 001zy 
200 0 |a Ч. 1  |f А. С. Глазырин [и др.]  |g под ред. А. С. Глазырина 
210 |d 2007 
215 |a 199 с.  |c ил. 
320 |a Библиогр.: с. 197-198. 
330 |a В учебном пособии содержится описание программных средств, позволяющих решать технические задачи, распространённые в электротехнике, электромеханике, электроэнергетике. Каждый раздел включает в себя необходимый теоретический материал, примеры решения типовых задач с применением прикладных программных средств и варианты самостоятельных заданий. Предлагаемые практические работы, проводящиеся в специально оборудованных компьютерных классах, позволяют получить навыки, необходимые в дальнейшей профессиональной деятельности. В первую часть пособия включены программы Electronics Workbench, Mathcad, Microsoft Office Excel, Elcut. Предназначено для студентов, обучающихся по направлениям 140600 «Электромеханика, электротехника и электротехнологии» и 140200 «Электроэнергетика». 
461 1 |0 (RuTPU)RU\TPU\book\148440  |t Методы и средства автоматизации профессиональной деятельности  |o учебное пособие  |f Томский политехнический университет (ТПУ)  |v Ч. 1  |d 2007 
610 1 |a электротехника 
610 1 |a электромеханика 
610 1 |a электроэнергетика 
610 1 |a электронные схемы 
610 1 |a имитационное моделирование 
610 1 |a программы 
610 1 |a Electronics Workbench 
610 1 |a MathCAD 
610 1 |a Microsoft Office Excel 
610 1 |a Elcut 
610 1 |a численные задачи 
610 1 |a аналитические задачи 
610 1 |a электротехнические задачи 
610 1 |a двухмерные полевые задачи 
610 1 |a решение 
610 1 |a теория 
610 1 |a практические работы 
610 1 |a учебные пособия 
675 |a 621.3:681.3(075.8)  |v 3 
701 1 |a Глазырин  |b А. С.  |c специалист в области электротехники  |c профессор Томского политехнического университета, доктор технических наук  |f 1978-  |g Александр Савельевич  |y Томск  |3 (RuTPU)RU\TPU\pers\26445  |9 12148 
701 1 |a Ляпунов  |b Д. Ю.  |c специалист в области электротехники  |c доцент Томского политехнического университета, кандидат технических наук  |f 1982-  |g Данил Юрьевич  |3 (RuTPU)RU\TPU\pers\26526  |9 12220 
701 1 |a Слащев  |b И. В.  |c специалист в области электротехники  |c доцент Томского политехнического университета, кандидат технических наук  |c выпускник ТПИ 1973 г.  |f 1951-  |g Игорь Владимирович  |3 (RuTPU)RU\TPU\pers\26595  |9 12278 
701 1 |a Ляпушкин  |b С. В.  |c специалист в области электротехники  |c доцент Томского политехнического университета, кандидат технических наук  |f 1973-  |g Сергей Викторович  |y Томск  |3 (RuTPU)RU\TPU\pers\27842  |9 12877 
702 1 |a Глазырин  |b А. С.  |g Александр Савельевич  |4 340 
801 1 |a RU  |b 63413507  |c 20080218  |g PSBO 
801 2 |a RU  |b 63413507  |c 20191122  |g PSBO 
942 |c BK